A keleti kapu őrzője: Nagykapos

Podrobná bibliografia
Hlavný autor: Lőrincz, Adrián, 1972- (Autor)
Médium: Článok
Jazyk:maďarčina
Fyzický popis:Fotogr.
Predmet:

MARC

LEADER 00000nab a2200000 ar4500
001 vtls009003896
003 SK-MaSNL
005 20260319071302.0
008 070328c2007 xo |||||||| 000 b|hun
015 |a SNBRB2007/03  |2 snkbucl 
038 |a SNKBUCL 
040 |a DSZK  |b slo  |c DSZK  |e AACR2 
041 0 |a hun 
044 |a xo  |c SK 
080 |a 908  |x (437.6)  |2 1997 
080 |a 332.1  |x (437.6)  |2 1997 
100 1 |a Lőrincz, Adrián,  |d 1972-  |4 aut  |9 330033 
245 1 0 |a A keleti kapu őrzője: Nagykapos  |c Lőrincz Adrián 
300 |b Fotogr. 
650 0 7 |a regionálny rozvoj  |z Veľké Kapušany (Slovensko)  |2 snkbucl  |9 1065906 
651 7 |a Veľké Kapušany (Slovensko)  |2 snkbucl  |9 15686 
773 0 |t Vasárnap  |g Évf. 40, sz. 12 (2007), o. 12-14 
852 |a SNK  |b KIS3GCP 
852 |a DSZK  |b KIS3GCP 
958 |a HU 
958 |a SK 
999 |c 1751888  |d 1753818